| 000 | 00435cam a2200181ua 4500 | ||
|---|---|---|---|
| 020 | _c6.80 | ||
| 041 |
_aeng _h |
||
| 082 |
_a823.308 _bVOL/CA |
||
| 100 | _aVoltaire, . | ||
| 245 |
_aCandide : and other tales / _cVoltaire. _hTextual Documents |
||
| 250 |
_a1 / _b. |
||
| 260 |
_aLondon : _bJ M Dent and Sons Ltd , _c1962. |
||
| 300 | _a368 ; . | ||
| 365 | _a6.80 | ||
| 504 | _a | ||
| 942 | _cBK | ||
| 999 |
_c11821 _d11821 |
||